[Event "Deva tt"]
[Site "Deva"]
[Date "1999.??.??"]
[Round "?"]
[White "Clesiu, Radu"]
[Black "Dutu, Florin"]
[Result "1/2-1/2"]
[WhiteElo "1745"]
[BlackElo "2140"]
[PlyCount "53"]
[EventDate "1999.07.??"]
[EventType "team"]
[EventRounds "9"]
[EventCountry "ROU"]
[SourceTitle "EXT 2004"]
[Source "ChessBase"]
[SourceDate "2003.11.25"]
[SourceVersion "1"]
[SourceVersionDate "2003.11.25"]
[SourceQuality "1"]

1. e4 e5 2. Nf3 Nc6 3. Bb5 a6 4. Ba4 Nf6 5. d4 exd4 6. 0-0 Be7 7. Re1 b5 8. e5 Nd5 9. Bb3 Nb6 10. a3 0-0 11. Nxd4 Nxd4 12. Qxd4 c5 13. Qg4 d5 14. Qg3 Kh8 15. c3 Bf5 16. Nd2 Qd7 17. Nf3 h6 18. Be3 a5 19. Ba2 Nc4 20. Rad1 Bc2 21. Rc1 Be4 22. Nd2 Nxd2 23. Bxd2 Ra6 24. f3 Rg6 25. Qf2 Bf5 26. Bb1 Bxb1 27. Rxb1 1/2-1/2